| 000 | 00919nam a22002177a 4500 | ||
|---|---|---|---|
| 999 |
_c157604 _d157604 |
||
| 005 | 20190916171827.0 | ||
| 010 | _aB-706480 | ||
| 020 |
_a9780143444343 _c250.00 |
||
| 035 | _aB-706480 | ||
| 035 | _aB-729999 | ||
| 037 |
_bPenguin Random House _adpl |
||
| 082 | _aS | ||
| 100 | _aMurty, Sudha | ||
| 245 |
_aHere, there and everywhere: _bbest loved stories of Sudha Murty / _cSudha Murty |
||
| 260 |
_aNew Delhi _bPenguin Random House _c2018 |
||
| 270 |
_a7th Floor, Infinity Tower C, DLF Cyber City _bGurgaon (Haryana) _e122002 |
||
| 300 |
_axi, 243p. _c20cm.(pbk) |
||
| 942 |
_adpl _cEN _2ddc _hS _mMUR |
||